000 00492nam a22001691a 4500
001 11663
003 OSt
005 20260204212251.0
008 130503s2010||||dr ||||||b||||||||||spa||
020 _a9789945416138
050 _aRD 343.333 V426c
245 _aCompendio lesgilacion ambiental dominicana tomo I / Antonio Vargas Pimentel
264 _aRepública Dominicana : Somos Artes Graficas
300 _a679 P
650 _aLegislacion - Ambiental dominicana I-tilÌ
942 _2ddc
_cBK
999 _c11663
_d11663